LEADER 01176nam a2200277 u 4500 001 000000066190 003 CaOOAMICUS 005 20070226121540.0 008 020108s1974 fr u000 u fre u 035 $a10915612 040 $aPUL$bita 100 1 $aCunchillos, Jesus Luis.$0(OLS)http://pul/name/32977 245 13$aLa Bible :$bpremière lecture de l'Ancien Testament - I /$cJesus-Luis Cunchillos ; préface de Jacques Hamaide. 260 $aParis :$bBeauchesne,$cc1974. 300 $a155 p. ;$c23 cm 490 1 $aLe point théologique ;$v11 504 $aBibliografia in nota. 630 04$aBiblia.$pV.T.$0(OLS)http://pul/subject/1661 700 1 $aHamaide, Jacques.$0(OLS)http://pul/name/44406 830 3$aLe point théologique ;$v11.$0(OLS)http://pul/title/10197 850 $aPUL 852 $aPUL$W1$xSL Religione 2$y84$mTheol A14 11$j85567$nBK-PRI$b $qStampati altre collocazioni$B85567$CPULBib$Z2$F85567 $H $81 941 1 $a10 961 $aINV: 86414 996 $6245$aLa Bible :$bpremière lecture de l'Ancien Testament - I$9(OLS)http://pul/title/87929 996 $6260$aParis :$bBeauchesne$9(OLS)http://pul/publisher/48115 LEADER 01164nam a2200277 a 4500 001 000000167021 003 CaOOAMICUS 005 20180412110112.0 008 180412s1983 it u000 u ita r 032 $aLibriCat 040 $aPUL$bita 100 1 $aVattimo, Gianni,$d1936-$0(OLS)http://pul/name/9011 245 13$aIl soggetto e la maschera :$bNietzsche e il problema della liberazione /$cGianni Vattimo. 250 $a2. ed. 260 $aMilano :$bBompiani,$c1983. 300 $a174 p. ;$c21 cm. 490 1 $aStudi Bompiani. Filosofia 504 $aBibliografia in nota a piè pagina. 600 14$aNietzsche, Friedrich Wilhelm,$d1844-1900$xCritica e interpretazione.$0(OLS)http://pul/subject/7758 830 0$aStudi Bompiani.$pFilosofia.$0(OLS)http://pul/title/47723 850 $aPUL 852 $aPUL$W1$xDP1 Fondo Dalla Palma$y117$m1 D 44$j42344$qFondi$B194560$CPULBib$Z2$F194560 $HDal1301 $81 941 1 $a1 996 $6245$aIl soggetto e la maschera :$bNietzsche e il problema della liberazione$9(OLS)http://pul/title/47675 996 $6260$aMilano :$bBompiani$9(OLS)http://pul/publisher/48240